Tearoom trade : Impersonal sex in public places /

সংরক্ষণ করুন:
গ্রন্থ-পঞ্জীর বিবরন
প্রধান লেখক: Humphreys, Laud (লেখক)
বিন্যাস: গ্রন্থ
ভাষা:ইংরেজি
প্রকাশিত: Chicago : Aldine, 1975
সংস্করন:Enlarged ed. with a retrospect on ethical issues
ট্যাগগুলো: ট্যাগ যুক্ত করুন
কোনো ট্যাগ নেই, প্রথমজন হিসাবে ট্যাগ করুন!

MARC

LEADER 00000nam a22000001i 4500
001 IT\ICCU\UBO\2158037
003 ItRI
005 20260115232318.0
008 030404s1975 xxu|||||| ||||| |||||c
040 |b ita  |c importazione bologna sebina 
041 7 |a eng  |2 ISO-639-2 
100 1 |a Humphreys, Laud  |0 IT\ICCU\UBOV\777549  |4 aut 
245 1 0 |a Tearoom trade :  |b Impersonal sex in public places /  |c Laud Humphreys. 
250 |a Enlarged ed. with a retrospect on ethical issues 
260 |a Chicago :  |b Aldine,  |c 1975 
300 |a XVIII, 238 p. 
942 |2 ddc  |c BK  |n 0 
952 |0 0  |1 0  |4 0  |6 DOC_301_410000000000000_HUM  |7 0  |9 24009  |a BO  |b BO  |d 2026-01-15  |i 718  |l 0  |o DOC 301.41 HUM  |p BO718  |r 2026-01-15 23:23:18  |w 2026-01-15  |x [Sebina 7] [1 v.]  |y BK  |z 1 v. 
999 |c 20442  |d 20442